[Event "SVK-ch U12"]
[Site "Stara Lubovna"]
[Date "2021.07.03"]
[Round "9"]
[White "Kalata, Martin"]
[Black "Ziman, Damian"]
[Result "0-1"]
[WhiteElo "1105"]
[BlackElo "1153"]
[PlyCount "78"]
[EventDate "2021.06.26"]
[EventType "swiss"]
[EventRounds "9"]
[EventCountry "SVK"]
[SourceTitle "CBM 203 Extra"]
[Source "ChessBase"]
[SourceDate "2021.09.30"]
[SourceVersion "1"]
[SourceVersionDate "2021.09.30"]
[SourceQuality "1"]

1. d4 d5 2. c4 e6 3. Nc3 Nf6 4. Bg5 Be7 5. Bxf6 Bxf6 6. Nf3 c6 7. e4 0-0 8. e5 Be7 9. Bd3 dxc4 10. Bxc4 b5 11. Bd3 Nd7 12. Qd2 Re8 13. h4 c5 14. Ng5 Nf8 15. Qf4 Bxg5 16. hxg5 Ng6 17. Bxg6 fxg6 18. Qh4 cxd4 19. Nxb5 Qa5+ 20. Kd1 Qxb5 21. Qxh7+ Kf7 22. Rc1 Qxe5 23. f4 Qxf4 24. Rh6 Qg4+ 25. Ke1 Qg3+ 26. Kf1 Ba6+ 27. Kg1 Qe3+ 28. Kh2 Qxc1 29. Qxg6+ Ke7 30. Qxe6+ Kd8 31. Qd6+ Kc8 32. Qxa6+ Kc7 33. Qd6+ Kb7 34. Qa6+ Kc7 35. Qd6+ Kc8 36. Qa6+ Kb8 37. Qd6+ Qc7 38. Qxc7+ Kxc7 39. Rg6 Re7 0-1

[Event "SVK-ch U12"]
[Site "Stara Lubovna"]
[Date "2021.07.01"]
[Round "7"]
[White "Duda, Filip"]
[Black "Kalata, Martin"]
[Result "1/2-1/2"]
[WhiteElo "1049"]
[BlackElo "1105"]
[PlyCount "56"]
[EventDate "2021.06.26"]
[EventType "swiss"]
[EventRounds "9"]
[EventCountry "SVK"]
[SourceTitle "CBM 203 Extra"]
[Source "ChessBase"]
[SourceDate "2021.09.30"]
[SourceVersion "1"]
[SourceVersionDate "2021.09.30"]
[SourceQuality "1"]

1. Nf3 d5 2. d4 Nf6 3. Bf4 Bf5 4. e3 e6 5. Bd3 Ne4 6. 0-0 c5 7. c3 c4 8. Bxe4 Bxe4 9. Ne5 Bd6 10. Qa4+ Kf8 11. Na3 h5 12. Nb5 f6 13. Ng6+ Bxg6 14. Bxd6+ Kf7 15. Nc7 Qxd6 16. Nxa8 Nc6 17. Qb5 Qd7 18. Nb6 axb6 19. Qxb6 e5 20. Rab1 Bxb1 21. Rxb1 exd4 22. exd4 Re8 23. h3 Re6 24. Qb5 Re7 25. b3 Nxd4 26. Qxd7 Ne2+ 27. Kf1 Ng3+ 28. fxg3 Rxd7 1/2-1/2

[Event "SVK-ch U12"]
[Site "Stara Lubovna"]
[Date "2021.06.28"]
[Round "3"]
[White "Toth, Marton"]
[Black "Kalata, Martin"]
[Result "1-0"]
[WhiteElo "1000"]
[BlackElo "1105"]
[PlyCount "33"]
[EventDate "2021.06.26"]
[EventType "swiss"]
[EventRounds "9"]
[EventCountry "SVK"]
[SourceTitle "CBM 203 Extra"]
[Source "ChessBase"]
[SourceDate "2021.09.30"]
[SourceVersion "1"]
[SourceVersionDate "2021.09.30"]
[SourceQuality "1"]

1. d4 d5 2. c4 c5 3. e3 e5 4. Nc3 Nf6 5. Nge2 e4 6. cxd5 Bf5 7. Ng3 g6 8. Bc4 a6 9. Bd2 b5 10. Bb3 c4 11. Bc2 Nxd5 12. Ngxe4 Nxc3 13. Nxc3 b4 14. Na4 Qd5 15. f3 Bd6 16. e4 Bxe4 17. Bxe4 1-0

[Event "SVK-ch U10"]
[Site "Lubovna"]
[Date "2020.08.15"]
[Round "1"]
[White "Livnansky, Michal"]
[Black "Kalata, Martin"]
[Result "1-0"]
[WhiteElo "1183"]
[BlackElo "1000"]
[PlyCount "69"]
[EventDate "2020.08.15"]
[EventType "swiss"]
[EventRounds "9"]
[EventCountry "SVK"]
[SourceTitle "EXT 2021"]
[Source "ChessBase"]
[SourceDate "2020.10.23"]
[SourceVersion "1"]
[SourceVersionDate "2020.10.23"]
[SourceQuality "1"]

1. d4 d5 2. Nf3 Nc6 3. c4 Bf5 4. Bf4 e6 5. Nc3 Nf6 6. e3 Bd6 7. Bxd6 cxd6 8. cxd5 exd5 9. Qb3 Be6 10. Qxb7 Qc8 11. Qb3 Rb8 12. Qc2 Bf5 13. Qc1 0-0 14. Bb5 Nb4 15. 0-0 Nd3 16. Bxd3 Bxd3 17. Rd1 Ba6 18. Qd2 Qc4 19. Rac1 Qxa2 20. Nxa2 Ne4 21. Qc2 Rbc8 22. Qb1 Rfe8 23. Rxc8 Rxc8 24. Rc1 Rxc1+ 25. Qxc1 Nf6 26. Qc6 Kf8 27. Qxd6+ Ke8 28. Qxa6 Ke7 29. Ne5 Kd8 30. Qb7 Ke8 31. Qxf7+ Kd8 32. Nb4 Kc8 33. Nec6 a6 34. Nxa6 h6 35. Qc7# 1-0

[Event "SVK-ch U10"]
[Site "Liptovsky Mikulas"]
[Date "2019.04.23"]
[Round "1"]
[White "Kalata, Martin"]
[Black "Durana, Jonas"]
[Result "0-1"]
[WhiteElo "1000"]
[BlackElo "1214"]
[PlyCount "36"]
[EventDate "2019.04.23"]
[EventType "swiss"]
[EventRounds "9"]
[EventCountry "SVK"]
[SourceTitle "CBM 190 Extra"]
[Source "ChessBase"]
[SourceDate "2019.07.15"]
[SourceVersion "1"]
[SourceVersionDate "2019.07.15"]
[SourceQuality "1"]

1. Nf3 Nc6 2. e4 e5 3. Bb5 d6 4. Bxc6+ bxc6 5. Nc3 Ba6 6. d3 Nf6 7. 0-0 Be7 8. Bg5 0-0 9. Nh4 Nxe4 10. dxe4 Bxg5 11. Nf5 Bxf1 12. Qxf1 g6 13. Ng3 Rb8 14. b3 d5 15. Qa6 Rb6 16. Qxa7 Qb8 17. Qa5 Be7 18. exd5 Bb4 0-1